| 000 | 00506 a2200205 4500 | ||
|---|---|---|---|
| 005 | 20260408163835.0 | ||
| 008 | 260408b |||||||| |||| 00| 0 eng d | ||
| 020 |
_a9789353167844 _cRs. 900.00 |
||
| 040 | _aMAIN | ||
| 082 |
_a658.406 _bS34B(2) |
||
| 100 | _aSrinivasan, R | ||
| 245 | _aBusiness process reengineering | ||
| 250 | _a2nd | ||
| 260 |
_bMcGraw-Hill _c2020 _aChennai |
||
| 300 | _axiv, 206 | ||
| 650 | _aManagement | ||
| 650 | _aBusiness Process | ||
| 650 | _aProduction | ||
| 942 | _cBK | ||
| 999 |
_c396987 _d396987 |
||